In Memoriam Kamala Devi, 1900-1964: (Record no. 23912)

MARC details
000 -LEADER
fixed length control field 00532nam a22001817a 4500
003 - CONTROL NUMBER IDENTIFIER
control field BDDh-ASL
005 - DATE AND TIME OF LATEST TRANSACTION
control field 20231015030314.0
008 - FIXED-LENGTH DATA ELEMENTS--GENERAL INFORMATION
fixed length control field 210407s1965 ii ||||| |||| 00| 0 eng d
040 ## - CATALOGING SOURCE
Original cataloging agency BDDh-ASL
Transcribing agency BDDh-ASL
082 ## - DEWEY DECIMAL CLASSIFICATION NUMBER
Classification number 923.96
Item number CHI
100 1# - MAIN ENTRY--PERSONAL NAME
9 (RLIN) 3008
Personal name Chatterji, Suniti Kumar
245 10 - TITLE STATEMENT
Title In Memoriam Kamala Devi, 1900-1964:
Remainder of title A Husband Offering of Love and Respect/
260 ## - PUBLICATION, DISTRIBUTION, ETC.
Place of publication, distribution, etc. Calcutta:
Date of publication, distribution, etc. 1965.
300 ## - PHYSICAL DESCRIPTION
Extent 82 p. :
Dimensions 22 cm.
600 10 - SUBJECT ADDED ENTRY--PERSONAL NAME
9 (RLIN) 3643
Personal name Chatterji, Kamala Devi
650 #0 - SUBJECT ADDED ENTRY--TOPICAL TERM
9 (RLIN) 1339
Topical term or geographic name entry element Biography
942 ## - ADDED ENTRY ELEMENTS (KOHA)
Source of classification or shelving scheme Dewey Decimal Classification
Koha item type Books
Holdings
Withdrawn status Lost status Source of classification or shelving scheme Damaged status Not for loan Collection code Home library Current library Shelving location Date acquired Source of acquisition Total Checkouts Full call number Barcode Date last seen Copy number Price effective from Koha item type Public note
    Dewey Decimal Classification Damaged   Non-fiction Asiatic Society Library Asiatic Society Library General Stacks 04/07/2021 ASB Library Collections   923.96 CHI 108478 04/07/2021 C-1 04/07/2021 Books Rare

Powered by Koha